000 00487nam a2200169 4500
001 120110
003 ES-MaACL
005 20250831073430.0
007 t|
008 070214s1971 sp r ||||1| spa d
110 2 _aIglesia Católica.
_bPapa (1922-1939: Pío XI)
_94665
245 1 0 _aQuadragésimo anno /
_cPío XI.
260 _aMadrid [etc.] :
_bApostolado de la Prensa,
_c1971.
300 _a100 p. ;
_c17 cm.
852 _aES-MaACL
_jC-40794
_bR.78689
999 _c120110
_d120110